Music Quiz

Random Music or Artist Quiz

One Click Wonders Quiz Stats

 Plays Quiz Updated Oct 9, 2014

Challenge
Share
Tweet
Embed
Score 0/29 Timer 07:00
2 Plays Today
% Correct
Chumbawamba
75.1%
Sir Mix-a-Lot
71.4%
Right Said Fred
70.8%
Billy Ray Cyrus
69.4%
Dexys Midnight Runners
68.3%
Frankie Goes to Hollywood
63.5%
Crash Test Dummies
61.8%
Soft Cell
59.2%
Toni Basil
58.4%
Fountains of Wayne
57.8%
Nena
53.7%
Jimmy Eat World
53%
Devo
51.2%
Timbuk3
48.5%
Faith No More
47.2%
% Correct
Siouxsie and the Banshees
47%
Iron Butterfly
45.9%
Twisted Sister
45.9%
T. Rex
45%
Gorillaz
42.5%
Kraftwerk
42.1%
Buffalo Springfield
41.6%
Thin Lizzy
41%
The Ides of March
40.8%
System of a Down
39.3%
Amy Winehouse
35.4%
The Tornados
35.4%
Moby
35.3%
Grateful Dead
34.9%

You're not logged in!

Compare scores with friends on all Sporcle quizzes.
OR
Log In

You Might Also Like...

Show Comments

Extras

Top Quizzes Today


Score Distribution

Your Account Isn't Verified!

In order to create a playlist on Sporcle, you need to verify the email address you used during registration. Go to your Sporcle Settings to finish the process.

Report this User

Report this user for behavior that violates our Community Guidelines.

Details: